| 000 -LEADER |
| fixed length control field |
00504nam a22001817a 4500 |
| 005 - DATE AND TIME OF LATEST TRANSACTION |
| control field |
20210427062954.0 |
| 008 - FIXED-LENGTH DATA ELEMENTS--GENERAL INFORMATION |
| fixed length control field |
210312s ||||| |||| 00| 0 eng d |
| 040 ## - CATALOGING SOURCE |
| Original cataloging agency |
eng |
| Transcribing agency |
DLC |
| 041 ## - LANGUAGE CODE |
| Language code of text/sound track or separate title |
eng |
| Language code of original |
ita |
| 080 ## - UNIVERSAL DECIMAL CLASSIFICATION NUMBER |
| Universal Decimal Classification number |
92 |
| Item number |
C-38 |
| 100 ## - MAIN ENTRY--PERSONAL NAME |
| 9 (RLIN) |
1414 |
| Personal name |
Cellini, Benvenuto |
| 245 ## - TITLE STATEMENT |
| Title |
Autobiography of Benvenuto Cellini |
| Statement of responsibility, etc. |
/ by: Dolphin Books |
| 260 ## - PUBLICATION, DISTRIBUTION, ETC. |
| Place of publication, distribution, etc. |
Garden City, New York |
| Name of publisher, distributor, etc. |
Dolphin Books |
| 300 ## - PHYSICAL DESCRIPTION |
| Extent |
518 p. |
| Other physical details |
ill. |
| 650 #0 - SUBJECT ADDED ENTRY--TOPICAL TERM |
| 9 (RLIN) |
237 |
| Topical term or geographic name entry element |
Biography |
| 653 ## - INDEX TERM--UNCONTROLLED |
| Uncontrolled term |
ბიოგრაფია |
| 942 ## - ADDED ENTRY ELEMENTS (KOHA) |
| Source of classification or shelving scheme |
|
| Koha item type |
Books |